| 000 | 00671nam a22001697a 4500 | ||
|---|---|---|---|
| 003 | NUST | ||
| 038 | _aNusrat Nadeem | ||
| 082 | _a200 | ||
| 100 |
_aGhias, Rimsha _9120219 |
||
| 245 |
_aArtificial neural network based MPPT and conditional controllers with saturated action for multi-renewable hybrid alternating or direct current microgrids in islanded and grid-connected Modes/ _cRimsha Ghias, |
||
| 264 |
_aIslamabad, _bSEECS NUST, _c2023. |
||
| 300 |
_aill: _b91,p: _c30,cm. |
||
| 650 |
_aMS-Electrical Engineering _923567 |
||
| 700 |
_aSupervisor: Dr. Iftikhar Ahmad Rana _996695 |
||
| 856 | _uhttp://10.250.8.41:8080/xmlui/handle/123456789/39145 | ||
| 942 |
_2ddc _cSC |
||
| 999 |
_c607619 _d607619 |
||